| 000 | 00790nam a22002417a 4500 | ||
|---|---|---|---|
| 999 |
_c14511 _d14511 |
||
| 003 | AR-CdUCM | ||
| 008 | 190423b ||||| |||| 00| 0 spa d | ||
| 020 | _a978-607-404-899-5 | ||
| 040 |
_aMUNICIPALIDAD PROVINCIAL DEL CUSCO _cBIBLIOTECA MUNICIPAL DEL CUSCO |
||
| 041 | _heng | ||
| 082 |
_aPI / 376.12 / _bD66 |
||
| 110 |
_aDisney Enterprises, Inc. _931708 |
||
| 245 |
_aDisney - Pixar Monsters University : _b¡Vamos, Sulley! / |
||
| 260 |
_aMéxico : _bSilver Dolphin, _c2013. |
||
| 300 |
_bilustraciones, _c25 cm. |
||
| 500 | _aLibro de abrazos. | ||
| 650 |
_aCuentos infantiles _93927 |
||
| 650 |
_aLiteratura infantil _9588 |
||
| 650 |
_aAprendizaje infantil _933271 |
||
| 700 |
_aTorre, Adriana de la (traducción) _932728 |
||
| 942 |
_2ddc _cLIBROS |
||
| 945 |
_aachl _d2019-04-23 |
||